01151nam a2200289Ia 4500001001200000003000800012006001900020007001500039008004100054020001500095020001800110040002100128035002100149050002700170100001800197245011100215260005200326300002200378504005100400533015200451650002100603650004400624655002900668700002100697710001700718856012600735ebr10320385CaPaEBRm u cr cn|||||||||090209s2009 ohua sb 001 0 eng d z0871707187 z9780871707185 aCaPaEBRcCaPaEBR a(OCoLC)64782921714aTA418.38b.M325 2009eb1 aManson, S. S.10aFatigue and durability of metals at high temperaturesh[electronic resource] /cS.S. Manson, G.R. Halford. aMaterials Park, OH :bASM International,c2009. ax, 265 p. :bill. aIncludes bibliographical references and index. aElectronic reproduction.bPalo Alto, Calif. :cebrary,d2009.nAvailable via World Wide Web.nAccess may be limited to ebrary affiliated libraries. 0aMetalsxFatigue. 0aMetalsxEffect of high temperatures on. 7aElectronic books.2local1 aHalford, Gary R.2 aebrary, Inc.40uhttp://site.ebrary.com/lib/rucke/Doc?id=10320385zAn electronic book accessible through the World Wide Web; click to view